Facultad de Derecho – Universidad Nacional de Mar del Plata

Tratado Teorico Practico de Derecho Procesal Civil y Comercial / (Record no. 3149)

MARC details
000 -CABECERA
campo de control de longitud fija 00665nam a22002415a 4500
001 - NUMERO DE CONTROL
campo de control 002795
003 - IDENTIFICADOR DE NUMERO DE CONTROL
campo de control armpunfd
005 - FECHA ULTIMA MODIFICACION
campo de control 20150624200617.0
008 - ELEMENTOS DE LONGITUD FIJA -- INFORMACION GENERAL
campo de control de longitud fija 140627s1941####ag############000#0#und#d
080 ## - NUMERO DE CLASIFICACION DECIMAL UNIVERSAL (CDU)
Número de la Clasificación Decimal Universal 347.9 AL 68
100 1# - ASIENTO PRINCIPAL--NOMBRE PERSONAL
Nombre personal Alsina Hugo.
245 10 - MENCION DE TITULO
Título propiamente dicho Tratado Teorico Practico de Derecho Procesal Civil y Comercial /
Mención de responsabilidad, etc. .
260 ## - PUBLICACION, DISTRIBUCION, ETC. (PIE DE IMPRENTA)
Lugar de publicación, distribución, etc. Buenos Aires :
Nombre del editor, distribuidor, etc. Compañía Argentina de Editores,
Fecha de publicación, distribución, etc. 1941.
300 ## - DESCRIPCION FISICA
Extensión 779 P.
650 #7 - ASIENTO SECUNDARIO DE MATERIA - TERMINO TEMATICO
Término temático o nombre geográfico como elemento de entrada Derecho Civil
Fuente del encabezamiento o término LEMB
650 #7 - ASIENTO SECUNDARIO DE MATERIA - TERMINO TEMATICO
Término temático o nombre geográfico como elemento de entrada Derecho Comercial
Fuente del encabezamiento o término LEMB
650 #7 - ASIENTO SECUNDARIO DE MATERIA - TERMINO TEMATICO
Término temático o nombre geográfico como elemento de entrada Derecho Procesal Civil
Fuente del encabezamiento o término LEMB
651 ## - ASIENTO SECUNDARIO DE MATERIA - NOMBRE GEOGRAFICO
Fuente del encabezamiento o término LEMB
945 ## - INFORMACION DE PROCESAMIENTO LOCAL
Fecha de ingreso o modificación 2014-06-27
945 ## - INFORMACION DE PROCESAMIENTO LOCAL
Fecha de ingreso o modificación 2014-06-27
945 ## - INFORMACION DE PROCESAMIENTO LOCAL
Responsable de carga/modificación Celeste Delía
Fecha de ingreso o modificación 2014-06-27
Holdings
Retirado Perdido Dañado No se presta Ubicación permanente Locación actual Estante o sala Fecha de adquisición Signatura topográfica Inventario Ultima fecha vista Tipo de item de Koha
        Bib. Derecho Bib. Derecho Biblioteca Graduados 09/12/2014 347.9 Al 68 301214 09/12/2014 LIBRO (Consulta)
        Bib. Derecho Bib. Derecho Biblioteca Graduados 09/12/2014 347.9 Al 68 301313 09/12/2014 LIBRO (Consulta)

XHTML | CSS | ©Biblioteca Central - Dto. Tecnología de la Información - [ Con tecnología Koha ]